Pótlás a Gaál-ügyhöz. Cs. Gyímesi Éva szíves figyelmébe
Elmentve itt :
| Szerző: | |
|---|---|
| Adatforrás: | Meister |
| Forrásdokumentuma: | Korunk. - 12 sz., 1991, 1537-1538 p. |
| Nyelv: | magyar |
| Kulcsszavak: | művelődéstörténet GAÁL Gábor GYÍMESI CS. Éva TÓTH Sándor |
| LEADER | 00458nab a2200157 i 4500 | ||
|---|---|---|---|
| 001 | bibPRO00002076 | ||
| 008 | 060524s1991 xx hun | ||
| 040 | |a Sz1 | ||
| 041 | |a hun | ||
| 100 | 1 | |a TÓTH Sándor | |
| 245 | 1 | 0 | |a Pótlás a Gaál-ügyhöz. Cs. Gyímesi Éva szíves figyelmébe |c TÓTH Sándor |
| 695 | |a művelődéstörténet | ||
| 695 | |a GAÁL Gábor | ||
| 695 | |a GYÍMESI CS. Éva | ||
| 695 | |a TÓTH Sándor | ||
| 773 | 0 | |t Korunk. - |g 12 sz., 1991, 1537-1538 p. | |